Statistics for Name a Valid Country for Each Desert

Click here to take the quiz!

General Stats

  • This quiz has been taken 98 times
  • The average score is 11 of 15

Answer Stats

DesertCountry% Correct
SaharaAlgeria | Chad | Egypt | Libya | Mali | Mauritania | Morocco | Niger | Sudan | Tunisia
99%
ArabianIraq | Jordan | Kuwait | Oman | Qatar | Saudi Arabia | United Arab Emirates | Yemen
97%
GobiChina | Mongolia
93%
ArcticCanada | Finland | Iceland | Norway | Russia | Sweden | United States
92%
NamibAngola | Namibia | South Africa
91%
ChihuahuanMexico | United States
86%
KalahariBotswana | Namibia | South Africa
80%
PatagonianArgentina
79%
AtacamaChile | Peru
79%
Great VictoriaAustralia
74%
Columbia BasinCanada | United States
62%
KyzylkumKazakhstan | Turkmenistan | Uzbekistan
58%
TharIndia | Pakistan
36%
DanakilDjibouti | Eritrea | Ethiopia
21%
OgadenEthiopia | Somalia
20%

Score Distribution

Percentile by Number Answered

Percent of People with Each Score

Your Score History

You have not taken this quiz